| 000 | 00511nam a22001937a 4500 | ||
|---|---|---|---|
| 003 | CEME | ||
| 005 | 20210628205454.0 | ||
| 008 | 210127b xxu||||| |||| 00| 0 eng d | ||
| 020 | _a0-8273-6667-1 | ||
| 040 | _c. | ||
| 082 | _a629.25 KIN | ||
| 100 |
_aKing, Dick H _975710 |
||
| 245 | _aComputerized engine controls,1995 update | ||
| 250 | _a4TH | ||
| 260 |
_aNEW YORK _bDELMAR PUBLISHER _c1996 |
||
| 300 | _aVIII,466P | ||
| 650 |
_aAUTOMOBILES MOTORS, COMPUTER CONTROL SYSTEMS _975711 |
||
| 942 |
_cBK _2ddc |
||
| 999 |
_c581102 _d581102 |
||